书目信息 |
| 题名: |
边城
|
|
| 作者: | 沈从文 著 | |
| 分册: | ||
| 出版信息: | 长春 吉林大学出版社 2010.01 |
|
| 页数: | 190页 | |
| 开本: | 22cm | |
| 丛书名: | 大悦读 | |
| 单 册: | ||
| 中图分类: | I246.57 | |
| 科图分类: | ||
| 主题词: | 中篇小说--中国--现代--少年读物 | |
| 电子资源: | ||
| ISBN: | 978-7-5601-4903-5 | |
| 000 | 00747nam0 2200265 450 | |
| 001 | 1243182807 | |
| 005 | 20120215102502.89 | |
| 010 | @a978-7-5601-4903-5@dCNY15.90 | |
| 100 | @a20100325d2010 y0chiy0110 ea | |
| 101 | 0 | @achi |
| 102 | @aCN@b220000 | |
| 105 | @aa z 000ay | |
| 200 | 1 | @a边城@9bian cheng@f沈从文著 |
| 210 | @a长春@c吉林大学出版社@d2010.01 | |
| 215 | @a190页@c图@d22cm | |
| 225 | 2 | @a大悦读@i语文新课标必读丛书 |
| 308 | @a丛书第一辑 | |
| 461 | 0 | @12001@a大悦读 |
| 462 | 0 | @12001@a语文新课标必读丛书 |
| 606 | 0 | @a中篇小说@y中国@z现代@j少年读物 |
| 690 | @aI246.57@v4 | |
| 696 | @aI426.57@v3@2sef | |
| 701 | 0 | @c(苗)@a沈从文@9shen cong wen@f(1902-1988)@4著 |
| 801 | 0 | @aCN@bSG08@c20100406 |
| 905 | @aZUCC@dI246.57@eS3871 | |
| 边城/沈从文著.-长春:吉林大学出版社,2010.01 |
| 190页:图;22cm.-(大悦读.语文新课标必读丛书) |
| ISBN 978-7-5601-4903-5:CNY15.90 |
| ● |
| 相关链接 |
|
|
|
正题名:边城
索取号:I246.57/S3871
 
预约/预借
| 序号 | 登录号 | 条形码 | 馆藏地/架位号 | 状态 | 备注 |
| 1 | 482660 | 204826607 | 文学库108/108文学库 24排5列4层/ [索取号:I246.57/S3871] | 在馆 | |
| 2 | 482661 | 204826616 | 文学库108/108文学库 24排5列4层/ [索取号:I246.57/S3871] | 在馆 | |
| 3 | 482662 | 204826625 | 文学库108/108文学库 24排5列3层/ [索取号:I246.57/S3871] |
已借出,限还日期为2025.11.24 借出人:李东举 |